Une lettre suffit pour répondre juste #54 (attention 10 lettres tuent) - Statistiques

Statistiques générales
  • Ce quiz a été pris 60 fois
  • Le résultat moyen est 3 sur 6
Statistiques - réponses
Hint Réponse % Correct
Donne une des 5 lettres qui complète le nom de ce groupe : _ _ _ _ _ Kings
GIPSY
100%
Donne une des 4 lettres qui complète le nom de l'entreprise française de fabrication de boules de pétanque qui avait 80% de part de marché en France en 2008 : la boule _ _ _ _ OBUT
73%
Donne une des 3 lettres de l'abrégé de l'Etat qui avait pour capitale Bonn entre 1949 et 1990 RFA
63%
Donne une des 2 lettres qui désigne au plus court oralement le synonyme de la mort d'une personne DC (décès)
47%
Donne la lettre qui est en première et dernière position dans le nom de famille du 37e président des États-Unis en photo
N (Nixon)
33%
Donne la lettre qui désigne : - le 2e album studio d'Ed Sheeran - le 7e album studio du groupe INXS - le 8e album studio de Def Leppard - le 10e album studio de Kylie Minogue et de Calogero X
12%
Aucun quiz correspondant
Distribution des résultats
% des personnes avec chaque résultat
Percentile par nombre de réponses
Votre historique - résultats
Vous n’avez pas pris ce quiz